000 01682nam0a2200337 i 4500
001 RU\NLR\BIBL_A\010534052
005 20240921130419.0
010 _a9785996705078
_9500
021 _aRU
_b2014-68599
_94205
035 _a(NILC)RuMoRGB-007554226
035 _a(NLR Aleph) 010534052
090 _a10269499
_c10269499
100 _a20141118d2014 k y0rusy50 ca
101 0 _arus
102 _aRU
105 _aa|||z|||000yy
200 1 _aСтруктурообразование в околошовном участке сварных соединений трубного проката
_eмонография
_fА.Б. Сычков, А.Н. Емелюшин, М. . Шекшеев
_gМ-во образования и науки Рос. Федерации, Магнитог. гос. техн. ун-т им. Г.И. Носова
210 _aМагнитогорск
_cИздательский центр ФГБОУ ВПО "МГТУ"
_d2014
215 _a100 с.
_cил.
_d21
300 _aПосвящ. 80-летию Магнитог. гос. техн. ун-та им. Г.И. Носова
320 _aБиблиогр.: с. 95-100 (87 назв.)
606 1 _aТрубная сталь
_xСварные соединения и швы
_xКачество
_92253901
_3RU\NLR\AUTH\661351787
686 1 _aК641,27-18
700 1 _aСычков
_bА. Б.
_f1954-
_gАлександр Борисович
701 1 _aЕмелюшин
_bА. Н.
_gАлексей Николаевич
701 1 _aШекшеев
_bМ. А.
_gМаксим Александрович
801 0 _aRU
_bРГБ
_c20140918
_gRCR
942 _cBOOK
980 _aNBR